MARC

LEADER 00000nam0a2200000 4500
001 123854
005 20231031130646.0
035 |a (RuTPU)RU\TPU\book\134044 
090 |a 123854 
100 |a 20071024d1974 km y0rusy50 ca 
101 0 |a rus 
102 |a RU 
105 |a a z 001zy 
200 1 |a Геохимия изотопов серы  |f В. А. Гриненко, Л. Н. Гриненко  |g Академия наук СССР (АН СССР) 
210 |a Москва  |c Наука  |d 1974 
215 |a 274 с.  |c ил. 
320 |a Библиогр.: с. 258-272. 
610 1 |a химия 
610 1 |a сера 
610 1 |a изотопы 
610 1 |a геохимия 
610 1 |a горючие ископаемые 
610 1 |a самородная сера 
610 1 |a экзогенные месторождения 
610 1 |a горные породы 
610 1 |a извержение 
610 1 |a медно-никелевые месторождения 
675 |a 550.4  |v 3 
700 1 |a Гриненко  |b В. А.  |g Владимир Алексеевич 
701 1 |a Гриненко  |b Л. Н.  |g Людмила Николаевна 
712 0 2 |a Академия наук СССР (АН СССР)  |2 stltpush  |3 (RuTPU)RU\TPU\col\722 
801 1 |a RU  |b 63413507  |c 20071024  |g PSBO 
801 2 |a RU  |b 63413507  |c 20131127  |g PSBO 
942 |c BK